000
00264nam a2200121Ia 4500
100
_a
#N/A
650
_a
Computer/ IT
942
_c
BK
654
_a
DISTRO
245
_a
DISTRO DHAMAKA- DREAM DESKTOP EDN 3.1; Vector Linux 5.9
260
_b
#N/A
546
_a
ENGLISH
999
_c
24462
_d
24462